Shadow Fight 2 Quiz - Statistics

General Stats
  • This quiz has been taken 551 times
  • The average score is 6 of 11
Answer Stats
Question Answer % Correct
In Shadow Fight 2, what is the first weapon you can buy ? Knives
87%
What is the first BOSS'S name ? Lynx
75%
What is your name (in the game, obviously!) ? Shadow
69%
What boss do you have to fight after Lynx ? Hermit
67%
Which one of Lynx's bodyguards use 'Steel Batons' ? Brick
61%
What company created Shadow Fight 2 ? Nekki
61%
On what level would you need to get the 'Spiked Knuckles' ? 2
54%
What is the name of the blacksmith/advisor ? May
53%
What is the first helmet you can buy ? Light Helm
28%
What is the LAST weapon in the inventory ? Blood Reaper
23%
What is the best body armor you can buy ? Snake Harness
8%
No matching quizzes found
Score Distribution
Percent of People with Each Score
Percentile by Number Answered
Your Score History
You have not taken this quiz